| 000 | 00573cam a22002171 4500 | ||
|---|---|---|---|
| 001 | ne 68000947 | ||
| 003 | DLC | ||
| 005 | 20260227111839.0 | ||
| 008 | 890402s1957 xx ac 000 0 per | ||
| 010 | _ane 68000947 | ||
| 035 | _a(OCoLC)23555864 | ||
| 040 |
_aDLC _cMiU _dDLC |
||
| 042 | _apremarc | ||
| 050 | 0 | 0 |
_aDS317 _b.I87 |
| 100 | 2 | _aIskandarī Khūʼīnī, Mahdī. | |
| 245 | 1 | 0 | _aQarn-i Pahlavī. |
| 260 | _c[1957] | ||
| 300 |
_a230 p. _billus., ports. (part col.) _c26 cm. |
||
| 500 | _aRomanized. | ||
| 600 | 0 | 0 |
_aReza Shah Pahlavi, _cShah of Iran, _d1878-1944. |
| 999 |
_c50200 _d50200 |
||